|
|
|
|
| LEADER |
01380cas a2200193 a 4500 |
| 001 |
AALejournalIMF011021 |
| 008 |
230101c9999 xx r poo 0 0eng d |
| 020 |
|
|
|z 9781557756251
|
| 040 |
|
|
|a BD-DhAAL
|c BD-DhAAL
|
| 110 |
2 |
|
|a International Monetary Fund.
|
| 245 |
1 |
0 |
|a Building on Progress :
|b Reform and Growth in the Middle East and North Africa.
|
| 264 |
|
1 |
|a Washington, D.C. :
|b International Monetary Fund,
|c 1996.
|
| 300 |
|
|
|a 1 online resource (83 pages)
|
| 500 |
|
|
|a <strong>Off-Campus Access:</strong> No User ID or Password Required
|
| 500 |
|
|
|a <strong>On-Campus Access:</strong> No User ID or Password Required
|
| 506 |
|
|
|a Electronic access restricted to authorized BRAC University faculty, staff and students
|
| 520 |
3 |
|
|a Countries in the Middle East and North Africa region have unprecedented opportunities for transforming their economies through accelerated economic growth, but the countries themselves must ensure the necessary conditions. This study, by the Middle Eastern Department, focuses on four areas that are fundamental to growth-enhancing structural changes: improving the region's investment performance, fiscal reform, financial sector reform, and trade liberalization.
|
| 538 |
|
|
|a Mode of access: Internet
|
| 856 |
4 |
0 |
|z Full text available on IMF
|u http://elibrary.imf.org/view/books/071/00848-9781557756251-en/00848-9781557756251-en-book.xml
|z IMF e-Library
|